[Event "Women's World Team Chess Championship"]
[Site "Khanty-Mansiysk, RUS."]
[Date "2017.06.20"]
[Round "4.14"]
[White "Moaataz Ayah (EGY)"]
[Black "Nemcova Katerina (USA)"]
[Result "1/2-1/2"]
[BlackElo "2313"]
[WhiteElo "2020"]
[LiveChessVersion "1.4.8"]

1. c4 {[%clk 1:30:57]} c5 {[%clk 1:30:35]} 2. g3 {[%clk 1:31:22]} g6
{[%clk 1:30:43]} 3. Bg2 {[%clk 1:31:47]} Bg7 {[%clk 1:31:02]} 4. Nc3
{[%clk 1:32:05]} Nc6 {[%clk 1:31:03]} 5. a3 {[%clk 1:32:21]} e6 {[%clk 1:28:54]}
6. b4 {[%clk 1:29:32]} d6 {[%clk 1:16:54]} 7. Nf3 {[%clk 1:26:28]} Nge7
{[%clk 1:16:32]} 8. Rb1 {[%clk 1:24:18]} O-O {[%clk 1:15:57]} 9. O-O
{[%clk 1:23:56]} b6 10. e3 {[%clk 1:21:44]} Bb7 {[%clk 1:13:51]} 11. Ne2
{[%clk 1:11:20]} Rc8 {[%clk 1:05:05]} 12. Bb2 {[%clk 1:10:17]} Qd7
{[%clk 0:44:35]} 13. Bxg7 {[%clk 1:10:35]} Kxg7 {[%clk 0:45:00]} 14. Qb3
{[%clk 1:07:33]} Rc7 {[%clk 0:36:28]} 15. Rfd1 {[%clk 1:06:13]} cxb4
{[%clk 0:33:22]} 16. axb4 {[%clk 1:06:35]} a5 {[%clk 0:33:19]} 17. bxa5
{[%clk 0:58:15]} Nxa5 {[%clk 0:31:26]} 18. Qc3+ {[%clk 0:58:06]} e5
{[%clk 0:29:49]} 19. d3 {[%clk 0:51:05]} Nc8 {[%clk 0:29:32]} 20. Qa1
{[%clk 0:43:21]} f6 {[%clk 0:23:09]} 21. Nc3 {[%clk 0:40:59]} Re8
{[%clk 0:19:29]} 22. Nb5 {[%clk 0:39:46]} Rc5 {[%clk 0:16:08]} 23. Nd2
{[%clk 0:28:06]} Bxg2 {[%clk 0:15:07]} 24. Kxg2 {[%clk 0:28:34]} d5
{[%clk 0:14:56]} 25. d4 {[%clk 0:28:03]} exd4 {[%clk 0:13:31]} 26. exd4
{[%clk 0:26:58]} Rc6 {[%clk 0:13:38]} 27. c5 {[%clk 0:26:24]} Nc4
{[%clk 0:11:53]} 28. Nxc4 {[%clk 0:23:07]} dxc4 {[%clk 0:12:19]} 29. Nc3
{[%clk 0:23:24]} Re7 {[%clk 0:10:11]} 30. Qa4 {[%clk 0:22:38]} Rf7
{[%clk 0:07:48]} 31. Qxc4 {[%clk 0:22:36]} bxc5 {[%clk 0:06:49]} 32. dxc5
{[%clk 0:22:59]} Qc7 {[%clk 0:06:46]} 33. Ne4 {[%clk 0:21:05]} Re7
{[%clk 0:04:41]} 34. Qd4 {[%clk 0:20:11]} Rce6 {[%clk 0:03:59]} 35. Nd6
{[%clk 0:17:03]} Nxd6 {[%clk 0:02:38]} 36. cxd6 {[%clk 0:17:25]} Qc6+
{[%clk 0:03:05]} 37. Kg1 {[%clk 0:16:33]} Rd7 {[%clk 0:02:49]} 38. Rb6
{[%clk 0:16:33]} Qe4 {[%clk 0:01:46]} 39. Qxe4 {[%clk 0:15:01]} Rxe4
{[%clk 0:02:12]} 40. Rc6 {[%clk 0:44:36]} Kf7 {[%clk 0:32:10]} 41. Rc7
{[%clk 0:43:59]} Ke6 {[%clk 0:28:49]} 42. Rc8 {[%clk 0:43:54]} Kf7
{[%clk 0:29:02]} 43. Kg2 {[%clk 0:41:31]} Re8 {[%clk 0:19:20]} 44. Rc7
{[%clk 0:39:18]} Ke6 {[%clk 0:14:30]} 45. Rc3 {[%clk 0:29:43]} Red8
{[%clk 0:12:20]} 46. Re3+ {[%clk 0:30:05]} Kf7 {[%clk 0:12:29]} 47. Red3
{[%clk 0:27:06]} Ke6 {[%clk 0:12:47]} 48. Re3+ {[%clk 0:26:48]} Kf7
{[%clk 0:13:12]} 49. Red3 {[%clk 0:25:50]} Ke6 {[%clk 0:13:35]} 50. Re3+
{[%clk 0:26:10]} 1/2-1/2

[Event "Women's World Team Chess Championship"]
[Site "Khanty-Mansiysk, RUS."]
[Date "2017.06.20"]
[Round "4.16"]
[White "Ehab Tasneem (EGY)"]
[Black "Gorti Akshita (USA)"]
[Result "0-1"]
[BlackElo "2240"]
[WhiteElo "1750"]
[LiveChessVersion "1.4.8"]

1. d4 {[%clk 1:30:58]} e6 {[%clk 1:30:53]} 2. Nf3 {[%clk 1:31:23]} Nf6
{[%clk 1:31:16]} 3. Bf4 {[%clk 1:31:49]} c5 {[%clk 1:31:36]} 4. c3
{[%clk 1:32:07]} Nc6 {[%clk 1:31:56]} 5. e3 {[%clk 1:32:16]} d5 {[%clk 1:32:15]}
6. Nbd2 {[%clk 1:32:22]} Bd6 {[%clk 1:32:32]} 7. Bxd6 {[%clk 1:32:01]} Qxd6
{[%clk 1:32:48]} 8. Bd3 {[%clk 1:31:31]} O-O {[%clk 1:31:38]} 9. O-O
{[%clk 1:31:29]} e5 {[%clk 1:28:28]} 10. dxe5 {[%clk 1:29:55]} Nxe5
{[%clk 1:28:47]} 11. Nxe5 {[%clk 1:28:24]} Qxe5 {[%clk 1:29:09]} 12. Nf3
{[%clk 1:27:05]} Qe7 {[%clk 1:26:32]} 13. h3 {[%clk 1:22:23]} h6 {[%clk 1:21:25]}
14. a4 {[%clk 1:19:23]} Bd7 {[%clk 1:18:44]} 15. Qe2 {[%clk 1:16:33]} Rfd8
{[%clk 1:15:21]} 16. Rfd1 {[%clk 1:11:23]} Ne4 {[%clk 1:06:23]} 17. Qc2
{[%clk 1:07:11]} Bc6 {[%clk 1:00:27]} 18. Rdb1 {[%clk 0:53:47]} Rac8
{[%clk 0:55:20]} 19. Qe2 {[%clk 0:47:06]} a6 {[%clk 0:51:18]} 20. Qe1
{[%clk 0:45:00]} Qf6 {[%clk 0:47:11]} 21. Ra3 {[%clk 0:38:48]} Bd7
{[%clk 0:40:21]} 22. Be2 {[%clk 0:37:00]} Bf5 {[%clk 0:31:29]} 23. Rd1
{[%clk 0:36:07]} a5 {[%clk 0:31:15]} 24. Rb3 {[%clk 0:33:34]} b6 {[%clk 0:30:35]}
25. Ra3 {[%clk 0:28:44]} Rd6 {[%clk 0:28:43]} 26. Qf1 {[%clk 0:15:51]} Qe7
{[%clk 0:27:13]} 27. Kh2 {[%clk 0:13:19]} Rcd8 {[%clk 0:26:38]} 28. Raa1
{[%clk 0:11:56]} h5 {[%clk 0:21:50]} 29. g3 {[%clk 0:08:23]} Rf6 {[%clk 0:19:51]}
30. Qg1 {[%clk 0:05:22]} g5 {[%clk 0:18:27]} 31. Rf1 {[%clk 0:04:40]} Bxh3
{[%clk 0:15:47]} 32. Kxh3 {[%clk 0:04:10]} g4+ {[%clk 0:16:09]} 33. Kg2
{[%clk 0:04:18]} gxf3+ {[%clk 0:16:34]} 34. Bxf3 {[%clk 0:04:03]} Nd2
{[%clk 0:16:56]} 35. Bxh5 {[%clk 0:03:49]} Nxf1 {[%clk 0:16:56]} 36. Rxf1
{[%clk 0:03:08]} Qe4+ {[%clk 0:16:43]} 37. f3 {[%clk 0:03:26]} Qxa4
{[%clk 0:16:38]} 38. Qh2 {[%clk 0:03:33]} Re8 {[%clk 0:13:37]} 39. Qh3
{[%clk 0:01:21]} Rxe3 {[%clk 0:12:35]} 40. Qc8+ {[%clk 0:31:24]} Re8
{[%clk 0:41:57]} 41. Qc7 {[%clk 0:29:25]} Re2+ {[%clk 0:40:38]} 42. Kg1
{[%clk 0:28:43]} Qe8 {[%clk 0:39:47]} 43. Qb7 {[%clk 0:25:07]} Qe6
{[%clk 0:35:51]} 44. Qa8+ {[%clk 0:23:43]} Kg7 {[%clk 0:36:02]} 45. f4
{[%clk 0:23:28]} Qe3+ {[%clk 0:35:51]} 46. Kh1 {[%clk 0:23:35]} Qxg3
{[%clk 0:35:56]} 0-1

[Event "Women's World Team Chess Championship"]
[Site "Khanty-Mansiysk, RUS."]
[Date "2017.06.20"]
[Round "4.17"]
[White "Harika Dronavalli (IND)"]
[Black "Socko Monika (POL)"]
[Result "1/2-1/2"]
[BlackElo "2485"]
[WhiteElo "2535"]
[LiveChessVersion "1.4.8"]

1. Nf3 {[%clk 1:30:55]} Nf6 {[%clk 1:30:41]} 2. c4 {[%clk 1:31:15]} g6
{[%clk 1:31:06]} 3. b3 {[%clk 1:30:23]} Bg7 {[%clk 1:31:21]} 4. Bb2
{[%clk 1:30:44]} d6 {[%clk 1:31:34]} 5. d4 {[%clk 1:29:54]} O-O {[%clk 1:31:31]}
6. g3 {[%clk 1:29:54]} c5 {[%clk 1:31:52]} 7. Bg2 {[%clk 1:29:37]} Nc6
{[%clk 1:32:16]} 8. O-O {[%clk 1:29:12]} cxd4 {[%clk 1:32:20]} 9. Nxd4
{[%clk 1:28:02]} Bd7 {[%clk 1:32:46]} 10. e3 {[%clk 1:16:37]} Qa5
{[%clk 1:27:34]} 11. Bc3 {[%clk 1:02:24]} Qh5 {[%clk 1:19:57]} 12. Qxh5
{[%clk 1:01:25]} Nxh5 {[%clk 1:18:48]} 13. a4 {[%clk 0:56:56]} Rfc8
{[%clk 1:16:00]} 14. Rc1 {[%clk 0:53:41]} Nf6 {[%clk 1:10:55]} 15. a5
{[%clk 0:48:30]} a6 {[%clk 1:06:01]} 16. Nd2 {[%clk 0:45:52]} Rab8
{[%clk 1:03:59]} 17. h3 {[%clk 0:43:45]} h5 {[%clk 0:54:22]} 18. b4
{[%clk 0:31:44]} Ne5 {[%clk 0:47:57]} 19. Bf1 {[%clk 0:32:04]} d5
{[%clk 0:41:54]} 20. c5 {[%clk 0:28:39]} Ne4 {[%clk 0:38:24]} 21. Nxe4
{[%clk 0:20:13]} dxe4 {[%clk 0:38:36]} 22. Rc2 {[%clk 0:16:57]} 1/2-1/2

[Event "Women's World Team Chess Championship"]
[Site "Khanty-Mansiysk, RUS."]
[Date "2017.06.20"]
[Round "4.18"]
[White "Zawadzka Jolanta (POL)"]
[Black "Tania Sachdev (IND)"]
[Result "1/2-1/2"]
[BlackElo "2408"]
[WhiteElo "2426"]
[LiveChessVersion "1.4.8"]

1. e4 {[%clk 1:30:55]} e5 {[%clk 1:30:54]} 2. Nf3 {[%clk 1:31:20]} Nc6
{[%clk 1:31:20]} 3. Bb5 {[%clk 1:31:44]} a6 {[%clk 1:31:46]} 4. Ba4
{[%clk 1:32:08]} Nf6 {[%clk 1:32:08]} 5. O-O {[%clk 1:32:30]} Bc5
{[%clk 1:32:26]} 6. c3 {[%clk 1:32:22]} b5 {[%clk 1:32:50]} 7. Bc2
{[%clk 1:31:06]} d5 {[%clk 1:33:13]} 8. d4 {[%clk 1:31:11]} dxe4 {[%clk 1:33:21]}
9. Nbd2 {[%clk 1:30:54]} exf3 {[%clk 1:27:08]} 10. Qxf3 {[%clk 1:31:08]} Be7
{[%clk 1:05:35]} 11. Qxc6+ {[%clk 1:31:27]} Bd7 {[%clk 1:06:03]} 12. Qf3
{[%clk 1:31:47]} exd4 {[%clk 1:05:37]} 13. Ne4 {[%clk 1:32:03]} O-O
{[%clk 0:55:50]} 14. Rd1 {[%clk 1:31:54]} Re8 {[%clk 0:44:43]} 15. Rxd4
{[%clk 1:06:07]} c5 {[%clk 0:19:44]} 16. Rd1 {[%clk 1:01:42]} Qc8
{[%clk 0:20:08]} 17. Qd3 {[%clk 0:38:56]} Nxe4 {[%clk 0:18:42]} 18. Qxd7
{[%clk 0:38:26]} Qxd7 {[%clk 0:15:56]} 19. Rxd7 {[%clk 0:38:51]} Nf6
{[%clk 0:14:54]} 20. Rd1 {[%clk 0:36:43]} Rad8 {[%clk 0:15:11]} 21. Bf4
{[%clk 0:35:57]} Rxd1+ {[%clk 0:13:33]} 22. Rxd1 {[%clk 0:36:17]} Rd8
{[%clk 0:13:17]} 23. Kf1 {[%clk 0:30:43]} Rxd1+ {[%clk 0:11:07]} 24. Bxd1
{[%clk 0:31:11]} Ne4 {[%clk 0:09:29]} 25. Bc2 {[%clk 0:27:03]} Nd6
{[%clk 0:06:27]} 26. Ke2 {[%clk 0:26:33]} Kf8 {[%clk 0:05:15]} 27. f3
{[%clk 0:23:31]} g6 {[%clk 0:03:11]} 28. g4 {[%clk 0:20:21]} Ke8 {[%clk 0:02:54]}
29. Bg3 {[%clk 0:20:05]} Kd7 {[%clk 0:01:50]} 30. Bf2 {[%clk 0:14:01]} Kc6
{[%clk 0:00:51]} 31. f4 {[%clk 0:13:25]} a5 {[%clk 0:00:34]} 32. b3
{[%clk 0:08:54]} Kd5 {[%clk 0:00:53]} 33. Be1 {[%clk 0:08:13]} c4
{[%clk 0:00:54]} 34. Ke3 {[%clk 0:08:23]} f5 {[%clk 0:01:00]} 35. h3
{[%clk 0:07:02]} Ne4 {[%clk 0:00:49]} 36. bxc4+ {[%clk 0:06:35]} bxc4
{[%clk 0:01:15]} 37. Ba4 {[%clk 0:06:38]} Bf6 {[%clk 0:01:24]} 38. gxf5
{[%clk 0:05:08]} gxf5 {[%clk 0:01:53]} 39. Bd7 {[%clk 0:04:53]} Bxc3
{[%clk 0:01:53]} 40. Bxf5 {[%clk 0:34:26]} Bxe1 {[%clk 0:30:43]} 41. Bxe4+
{[%clk 0:34:52]} Kc5 {[%clk 0:17:21]} 42. Bxh7 {[%clk 0:35:14]} Kb4
{[%clk 0:17:03]} 43. Bg8 {[%clk 0:28:37]} Bh4 {[%clk 0:13:04]} 44. Ke4
{[%clk 0:11:45]} a4 {[%clk 0:06:14]} 45. Be6 {[%clk 0:10:07]} c3 {[%clk 0:04:58]}
46. Kd3 {[%clk 0:10:32]} Bf6 {[%clk 0:05:15]} 47. Kc2 {[%clk 0:07:16]} Kc5
{[%clk 0:02:08]} 48. Bd7 {[%clk 0:05:19]} Kd4 {[%clk 0:02:19]} 49. f5
{[%clk 0:03:06]} Ke4 {[%clk 0:01:37]} 50. h4 {[%clk 0:02:33]} Bxh4
{[%clk 0:01:27]} 51. Kxc3 {[%clk 0:02:59]} a3 {[%clk 0:01:36]} 52. Kb3
{[%clk 0:02:39]} Be7 {[%clk 0:02:02]} 53. f6 {[%clk 0:02:59]} Bxf6
{[%clk 0:02:27]} 54. Kxa3 {[%clk 0:03:26]} Bc3 {[%clk 0:02:52]} 1/2-1/2

[Event "Women's World Team Chess Championship"]
[Site "Khanty-Mansiysk, RUS."]
[Date "2017.06.20"]
[Round "4.20"]
[White "Majdan Joanna (POL)"]
[Black "Vijayalakshmi Subbaraman (IND)"]
[Result "1/2-1/2"]
[BlackElo "2375"]
[WhiteElo "2366"]
[LiveChessVersion "1.4.8"]

1. e4 {[%clk 1:30:58]} e5 {[%clk 1:30:50]} 2. Nf3 {[%clk 1:31:23]} Nc6
{[%clk 1:31:13]} 3. Bb5 {[%clk 1:31:47]} a6 {[%clk 1:31:36]} 4. Ba4
{[%clk 1:32:12]} Nf6 {[%clk 1:31:56]} 5. O-O {[%clk 1:32:31]} Be7
{[%clk 1:31:50]} 6. Re1 {[%clk 1:32:43]} b5 {[%clk 1:30:58]} 7. Bb3
{[%clk 1:33:07]} d6 {[%clk 1:30:34]} 8. c3 {[%clk 1:33:31]} Na5 {[%clk 1:30:21]}
9. Bc2 {[%clk 1:33:55]} c5 {[%clk 1:30:36]} 10. d4 {[%clk 1:28:27]} Qc7
{[%clk 1:29:51]} 11. a4 {[%clk 1:26:46]} c4 {[%clk 1:27:26]} 12. axb5
{[%clk 1:24:53]} axb5 {[%clk 1:27:18]} 13. b4 {[%clk 1:15:33]} cxb3
{[%clk 1:27:13]} 14. Bxb3 {[%clk 1:15:15]} O-O {[%clk 1:20:24]} 15. Bc2
{[%clk 1:13:17]} Bg4 {[%clk 1:15:32]} 16. Bd3 {[%clk 1:07:46]} b4
{[%clk 1:07:59]} 17. cxb4 {[%clk 1:07:50]} Nc6 {[%clk 1:07:49]} 18. Rxa8
{[%clk 1:06:25]} Rxa8 {[%clk 1:05:44]} 19. Qc2 {[%clk 1:05:34]} Qb7
{[%clk 0:45:25]} 20. b5 {[%clk 1:04:26]} Nb4 {[%clk 0:44:01]} 21. Qb3
{[%clk 1:03:50]} Nxd3 {[%clk 0:35:37]} 22. Qxd3 {[%clk 1:04:16]} d5
{[%clk 0:27:55]} 23. Nxe5 {[%clk 1:03:49]} dxe4 {[%clk 0:27:30]} 24. Qc4
{[%clk 1:01:45]} Be6 {[%clk 0:24:27]} 25. Qc6 {[%clk 1:01:26]} Rb8
{[%clk 0:17:51]} 26. Ba3 {[%clk 0:59:51]} Nd5 {[%clk 0:14:43]} 27. Qxb7
{[%clk 0:52:05]} Rxb7 {[%clk 0:15:05]} 28. Bxe7 {[%clk 0:51:31]} Nxe7
{[%clk 0:13:20]} 29. Nc3 {[%clk 0:47:18]} Nd5 {[%clk 0:09:26]} 30. Nxe4
{[%clk 0:45:41]} Rxb5 {[%clk 0:09:12]} 31. Nc5 {[%clk 0:45:04]} h6
{[%clk 0:04:49]} 32. h3 {[%clk 0:45:13]} Nc7 {[%clk 0:03:51]} 33. Ra1
{[%clk 0:45:04]} Bd5 {[%clk 0:03:08]} 34. Ra7 {[%clk 0:36:54]} Ne6
{[%clk 0:01:39]} 35. Rd7 {[%clk 0:37:10]} Nxc5 {[%clk 0:00:43]} 36. Rxd5
{[%clk 0:33:50]} Rb1+ {[%clk 0:01:09]} 37. Kh2 {[%clk 0:33:56]} Ne6
{[%clk 0:01:31]} 38. Rd7 {[%clk 0:34:07]} Rd1 {[%clk 0:00:58]} 39. d5
{[%clk 0:34:20]} Nf4 {[%clk 0:01:14]} 40. d6 {[%clk 1:03:14]} f6 {[%clk 0:31:12]}
41. Nc6 {[%clk 1:01:18]} h5 {[%clk 0:27:34]} 42. g3 {[%clk 0:56:41]} Nd3
{[%clk 0:21:32]} 43. Rc7 {[%clk 0:46:05]} Ne5 {[%clk 0:19:48]} 44. Nxe5
{[%clk 0:44:41]} fxe5 {[%clk 0:20:13]} 45. d7 {[%clk 0:45:10]} Kh7
{[%clk 0:19:20]} 46. Kg2 {[%clk 0:33:18]} e4 {[%clk 0:16:26]} 47. f4
{[%clk 0:32:09]} exf3+ {[%clk 0:11:25]} 48. Kxf3 {[%clk 0:32:29]} Kg6
{[%clk 0:11:43]} 49. Kf4 {[%clk 0:22:51]} Kf6 {[%clk 0:11:04]} 50. h4
{[%clk 0:22:20]} Rd4+ {[%clk 0:07:10]} 51. Ke3 {[%clk 0:22:46]} Rd1
{[%clk 0:07:33]} 52. Ke4 {[%clk 0:20:08]} Rd2 {[%clk 0:06:15]} 53. Rc5
{[%clk 0:18:23]} Rxd7 {[%clk 0:06:17]} 54. Rxh5 {[%clk 0:18:50]} Ra7
{[%clk 0:05:35]} 55. Rf5+ {[%clk 0:18:10]} Kg6 {[%clk 0:05:20]} 56. g4
{[%clk 0:18:10]} Ra4+ {[%clk 0:05:21]} 57. Kf3 {[%clk 0:18:35]} Ra3+
{[%clk 0:05:19]} 58. Kf4 {[%clk 0:19:01]} Ra4+ {[%clk 0:05:13]} 59. Kg3
{[%clk 0:19:25]} Ra3+ {[%clk 0:04:05]} 60. Rf3 {[%clk 0:19:51]} Ra1
{[%clk 0:04:18]} 61. Rb3 {[%clk 0:17:49]} Rg1+ {[%clk 0:04:31]} 62. Kf4
{[%clk 0:18:01]} Rf1+ {[%clk 0:04:50]} 63. Rf3 {[%clk 0:18:02]} Rg1
{[%clk 0:04:26]} 64. h5+ {[%clk 0:16:21]} Kh6 {[%clk 0:03:45]} 65. Kf5
{[%clk 0:16:40]} Rg2 {[%clk 0:03:37]} 66. Rf4 {[%clk 0:16:43]} Ra2
{[%clk 0:03:32]} 67. Re4 {[%clk 0:14:06]} Rf2+ {[%clk 0:03:34]} 68. Rf4
{[%clk 0:13:01]} g6+ {[%clk 0:03:01]} 69. hxg6 {[%clk 0:13:20]} Rxf4+
{[%clk 0:03:27]} 70. Kxf4 {[%clk 0:13:47]} Kxg6 {[%clk 0:03:50]} 71. g5
{[%clk 0:14:14]} Kg7 {[%clk 0:04:07]} 72. Kf5 {[%clk 0:14:42]} Kf7
{[%clk 0:04:28]} 73. g6+ {[%clk 0:15:09]} Kg7 {[%clk 0:04:42]} 74. Kg5
{[%clk 0:15:36]} Kg8 {[%clk 0:04:53]} 75. Kh6 {[%clk 0:16:00]} Kh8
{[%clk 0:05:15]} 76. g7+ {[%clk 0:16:28]} Kg8 {[%clk 0:05:41]} 77. Kg6 1/2-1/2

[Event "Women's World Team Chess Championship"]
[Site "Khanty-Mansiysk, RUS."]
[Date "2017.06.21"]
[Round "5.1"]
[White "Socko Monika (POL)"]
[Black "Ushenina Anna (UKR)"]
[Result "1-0"]
[BlackElo "2458"]
[WhiteElo "2485"]
[LiveChessVersion "1.4.8"]

1. d4 {[%clk 1:30:58]} Nf6 {[%clk 1:30:51]} 2. Bg5 {[%clk 1:31:24]} e6
{[%clk 1:30:32]} 3. e4 {[%clk 1:31:42]} h6 {[%clk 1:30:50]} 4. Bxf6
{[%clk 1:32:07]} Qxf6 {[%clk 1:31:17]} 5. Nc3 {[%clk 1:32:29]} Bb4
{[%clk 1:25:08]} 6. Qd2 {[%clk 1:32:21]} d6 {[%clk 1:13:12]} 7. Nf3
{[%clk 1:28:11]} Nc6 {[%clk 1:09:09]} 8. a3 {[%clk 1:08:17]} Ba5 {[%clk 1:06:55]}
9. Be2 {[%clk 1:06:20]} Bd7 {[%clk 0:53:12]} 10. Rd1 {[%clk 0:59:28]} Rd8
{[%clk 0:51:03]} 11. O-O {[%clk 0:58:03]} O-O {[%clk 0:48:14]} 12. b4
{[%clk 0:51:54]} Bb6 {[%clk 0:48:41]} 13. b5 {[%clk 0:52:11]} Nb8
{[%clk 0:30:57]} 14. e5 {[%clk 0:41:51]} Qe7 {[%clk 0:28:10]} 15. Ne4
{[%clk 0:28:16]} dxe5 {[%clk 0:27:47]} 16. Nxe5 {[%clk 0:28:31]} Be8
{[%clk 0:27:01]} 17. Qe3 {[%clk 0:27:02]} f6 {[%clk 0:16:28]} 18. Nf3
{[%clk 0:26:55]} Nd7 {[%clk 0:14:22]} 19. Qb3 {[%clk 0:22:06]} Bf7
{[%clk 0:14:23]} 20. Bc4 {[%clk 0:21:28]} Rfe8 {[%clk 0:12:42]} 21. Rfe1
{[%clk 0:18:36]} Nf8 {[%clk 0:08:36]} 22. Qc3 {[%clk 0:18:05]} a6
{[%clk 0:05:18]} 23. bxa6 {[%clk 0:18:01]} bxa6 {[%clk 0:05:47]} 24. a4
{[%clk 0:18:25]} Ra8 {[%clk 0:04:00]} 25. a5 {[%clk 0:17:54]} Ba7
{[%clk 0:04:29]} 26. Bxa6 {[%clk 0:15:15]} Reb8 {[%clk 0:04:38]} 27. Bf1
{[%clk 0:14:21]} Qb4 {[%clk 0:03:36]} 28. Rb1 {[%clk 0:12:30]} Qxb1
{[%clk 0:02:34]} 29. Rxb1 {[%clk 0:12:58]} Rxb1 {[%clk 0:03:03]} 30. Qxc7
{[%clk 0:11:35]} Bb8 {[%clk 0:03:18]} 31. Qc3 {[%clk 0:11:57]} Rd1
{[%clk 0:01:23]} 32. Nfd2 {[%clk 0:11:17]} e5 {[%clk 0:00:55]} 33. Qf3
{[%clk 0:11:19]} Ra1 {[%clk 0:01:15]} 34. Nxf6+ {[%clk 0:11:00]} gxf6
{[%clk 0:01:43]} 35. Qxa8 {[%clk 0:11:23]} Bc7 {[%clk 0:01:37]} 36. a6
{[%clk 0:10:59]} exd4 {[%clk 0:02:02]} 37. Qb7 {[%clk 0:09:56]} Bf4
{[%clk 0:02:15]} 38. a7 {[%clk 0:09:25]} Bxd2 {[%clk 0:02:17]} 39. a8=Q
{[%clk 0:09:33]} Rxa8 {[%clk 0:02:43]} 40. Qxa8 {[%clk 0:30:00]} Bc3
{[%clk 0:32:04]} 41. Qc8 {[%clk 0:37:58]} 1-0

[Event "Women's World Team Chess Championship"]
[Site "Khanty-Mansiysk, RUS."]
[Date "2017.06.21"]
[Round "5.2"]
[White "Zhukova Natalia (UKR)"]
[Black "Zawadzka Jolanta (POL)"]
[Result "1/2-1/2"]
[BlackElo "2426"]
[WhiteElo "2449"]
[LiveChessVersion "1.4.8"]

1. c4 {[%clk 1:30:54]} e6 {[%clk 1:30:44]} 2. Nc3 {[%clk 1:31:11]} d5
{[%clk 1:31:07]} 3. d4 {[%clk 1:31:26]} Bb4 {[%clk 1:31:26]} 4. e3
{[%clk 1:31:14]} Nf6 {[%clk 1:30:21]} 5. a3 {[%clk 1:31:26]} Bxc3+
{[%clk 1:30:36]} 6. bxc3 {[%clk 1:31:53]} c6 {[%clk 1:30:38]} 7. Nf3
{[%clk 1:30:01]} O-O {[%clk 1:27:28]} 8. Bd3 {[%clk 1:29:48]} b6 {[%clk 1:26:50]}
9. cxd5 {[%clk 1:29:56]} cxd5 {[%clk 1:23:09]} 10. Qe2 {[%clk 1:30:01]} Bb7
{[%clk 1:15:41]} 11. Bb2 {[%clk 1:28:50]} Qc8 {[%clk 1:14:07]} 12. Nd2
{[%clk 1:18:24]} Ba6 {[%clk 1:08:53]} 13. c4 {[%clk 1:13:58]} Nc6
{[%clk 1:04:15]} 14. O-O {[%clk 1:03:17]} Na5 {[%clk 1:01:27]} 15. Rac1
{[%clk 0:54:13]} Qd7 {[%clk 0:56:35]} 16. e4 {[%clk 0:38:31]} dxc4
{[%clk 0:47:11]} 17. Nxc4 {[%clk 0:38:14]} Nxc4 {[%clk 0:45:01]} 18. Bxc4
{[%clk 0:38:37]} Bxc4 {[%clk 0:45:26]} 19. Rxc4 {[%clk 0:39:00]} Rfc8
{[%clk 0:39:21]} 20. Rfc1 {[%clk 0:36:15]} Ne8 {[%clk 0:37:53]} 21. d5
{[%clk 0:19:39]} exd5 {[%clk 0:36:52]} 22. exd5 {[%clk 0:16:17]} 1/2-1/2

[Event "Women's World Team Chess Championship"]
[Site "Khanty-Mansiysk, RUS."]
[Date "2017.06.21"]
[Round "5.3"]
[White "Kulon Klaudia (POL)"]
[Black "Gaponenko Inna (UKR)"]
[Result "1/2-1/2"]
[BlackElo "2428"]
[WhiteElo "2381"]
[LiveChessVersion "1.4.8"]

1. e4 {[%clk 1:30:57]} e6 {[%clk 1:30:54]} 2. d4 {[%clk 1:30:23]} d5
{[%clk 1:31:18]} 3. Nd2 {[%clk 1:29:28]} c5 {[%clk 1:31:05]} 4. exd5
{[%clk 1:29:33]} Qxd5 {[%clk 1:31:24]} 5. Ngf3 {[%clk 1:29:29]} cxd4
{[%clk 1:31:36]} 6. Bc4 {[%clk 1:29:32]} Qd7 {[%clk 1:31:50]} 7. O-O
{[%clk 1:29:30]} Nc6 {[%clk 1:31:50]} 8. Nb3 {[%clk 1:29:00]} a6 {[%clk 1:31:53]}
9. a4 {[%clk 1:27:31]} Nf6 {[%clk 1:17:16]} 10. Bg5 {[%clk 1:22:22]} Qc7
{[%clk 0:30:13]} 11. Qe2 {[%clk 1:16:20]} Be7 {[%clk 0:21:10]} 12. Nbxd4
{[%clk 1:13:38]} Nxd4 {[%clk 0:21:29]} 13. Nxd4 {[%clk 1:14:04]} O-O
{[%clk 0:21:16]} 14. c3 {[%clk 1:13:18]} Nd5 {[%clk 0:17:45]} 15. Bxe7
{[%clk 1:11:00]} Nxe7 {[%clk 0:18:13]} 16. Bd3 {[%clk 1:11:03]} Nd5
{[%clk 0:13:11]} 17. Bc2 {[%clk 1:09:00]} Bd7 {[%clk 0:11:04]} 18. Rad1
{[%clk 1:05:34]} Rfe8 {[%clk 0:09:30]} 19. Rfe1 {[%clk 1:04:41]} Rad8
{[%clk 0:06:36]} 20. c4 {[%clk 0:57:34]} Nf4 {[%clk 0:04:31]} 21. Qe4
{[%clk 0:57:19]} Ng6 {[%clk 0:03:28]} 22. b3 {[%clk 0:56:33]} e5 {[%clk 0:03:02]}
23. Nf5 {[%clk 0:53:04]} Bxf5 {[%clk 0:02:48]} 24. Qxf5 {[%clk 0:53:29]} Rxd1
{[%clk 0:02:19]} 25. Rxd1 {[%clk 0:54:14]} Rd8 {[%clk 0:03:12]} 26. Rd5
{[%clk 0:52:32]} Rxd5 {[%clk 0:01:36]} 27. cxd5 {[%clk 0:53:01]} Nf8
{[%clk 0:00:53]} 28. g3 {[%clk 0:51:59]} g6 {[%clk 0:01:10]} 29. Qd3
{[%clk 0:51:47]} Nd7 {[%clk 0:01:09]} 30. b4 {[%clk 0:47:57]} Qd6
{[%clk 0:01:26]} 31. Qc4 {[%clk 0:47:58]} Nb6 {[%clk 0:01:08]} 32. Qc5
{[%clk 0:48:20]} Qxc5 {[%clk 0:01:23]} 33. bxc5 {[%clk 0:48:49]} Nxd5
{[%clk 0:01:24]} 34. Be4 {[%clk 0:49:13]} Nc7 {[%clk 0:01:01]} 35. Bxb7
{[%clk 0:49:30]} a5 {[%clk 0:01:11]} 36. Kf1 {[%clk 0:48:13]} Ne6
{[%clk 0:01:32]} 37. c6 {[%clk 0:48:24]} Kf8 {[%clk 0:01:47]} 38. Ke2
{[%clk 0:48:32]} Ke7 {[%clk 0:01:51]} 39. Kd3 {[%clk 1:18:11]} Kd6
{[%clk 0:32:01]} 40. Kc4 {[%clk 1:18:23]} Nc7 {[%clk 0:32:18]} 41. g4
{[%clk 1:09:52]} g5 {[%clk 0:23:29]} 42. f3 {[%clk 1:08:25]} h6 {[%clk 0:20:34]}
43. Bc8 {[%clk 1:04:19]} Kxc6 {[%clk 0:17:33]} 44. Bf5 {[%clk 1:04:33]} Kd6
{[%clk 0:06:56]} 45. Be4 {[%clk 1:02:27]} f6 {[%clk 0:06:41]} 46. h3
{[%clk 0:54:07]} Ne6 {[%clk 0:05:17]} 47. Kb5 {[%clk 0:54:07]} Nd4+
{[%clk 0:05:39]} 48. Kb6 {[%clk 0:52:33]} Nb3 {[%clk 0:05:47]} 49. Kb5
{[%clk 0:52:49]} Nd4+ {[%clk 0:05:08]} 50. Kb6 {[%clk 0:53:03]} Nb3
{[%clk 0:04:24]} 51. Kb5 {[%clk 0:53:27]} Nd4+ {[%clk 0:00:48]} 1/2-1/2